000 00621nam a2200205 i 4500
001 141207
003 ES-MaACL
005 20240524062959.0
007 t|
008 070920s1951 sp ||||1| spa d
100 0 _aVivanco, Luis Felipe,
_d1907-1975
_9115541
245 1 0 _aPrimera Bienal Hispano Americana de Arte /
_cLuis Felipe Vivanco.
250 _a[1ª ed.].
260 _aMadrid :
_bAfrodisio Aguado,
_c[1951]
300 _a85 p., 112 lám. ;
_c19 cm.
490 1 _aLa cariátide ;
_v8
830 0 _aLa cariátide ;
_v8
_9187031
852 _aES-MaACL
_jD-8344
_bR.32262
999 _c141207
_d141207